Visualizzazione normale
Vista MARC
- Vorlicek Valclav
di Personal Name
Records bibliografici associati: 1
001 - CONTROL NUMBER
- control field: 44493
003 - CONTROL NUMBER IDENTIFIER
- control field: IT-RoPau
005 - DATE AND TIME OF LATEST TRANSACTION
- control field: 20151129151016.0
008 - FIXED-LENGTH DATA ELEMENTS
- fixed length control field: 151129|| aca||aabn | a|a d
040 ## - CATALOGING SOURCE
- Original cataloging agency: IT-RoPau
- Transcribing agency: IT-RoPau
100 ## - HEADING--PERSONAL NAME
- Personal name: Vorlicek Valclav
- Miscellaneous information: Codice regista SPICS: 38606
670 ## - SOURCE DATA FOUND
- Source citation: Work cat.: (IT-RoPau)105989: Vorlicek Valclav Codice regista SPICS: 38606, RAGAZZA SULLA SCOPA (LA) RAGAZZA SULLA SCOPA (LA) (Rif. Codice opera principale : V0853)